The rise and fall of the Third Reich, A history of Nazi Germany / (Record no. 185048)
[ view plain ]
| 000 -LEADER | |
|---|---|
| fixed length control field | 00652 a2200193 4500 |
| 003 - CONTROL NUMBER IDENTIFIER | |
| control field | Nust |
| 005 - DATE AND TIME OF LATEST TRANSACTION | |
| control field | 20221220093354.0 |
| 010 ## - LIBRARY OF CONGRESS CONTROL NUMBER | |
| LC control number | 90221762 |
| 020 ## - INTERNATIONAL STANDARD BOOK NUMBER | |
| International Standard Book Number | 0671728695 : |
| 040 ## - CATALOGING SOURCE | |
| Transcribing agency | Nust |
| 082 00 - DEWEY DECIMAL CLASSIFICATION NUMBER | |
| Classification number | 320.53,SHI |
| 100 1# - MAIN ENTRY--PERSONAL NAME | |
| Personal name | Shirer, William L. |
| 9 (RLIN) | 105256 |
| 245 14 - TITLE STATEMENT | |
| Title | The rise and fall of the Third Reich, A history of Nazi Germany / |
| Statement of responsibility, etc. | William L. Shirer |
| 260 ## - PUBLICATION, DISTRIBUTION, ETC. | |
| Place of publication, distribution, etc. | New York |
| Name of publisher, distributor, etc. | Simon & Schuster, |
| Date of publication, distribution, etc. | c1990. |
| 300 ## - PHYSICAL DESCRIPTION | |
| Extent | xii, 1249 p. ; |
| Dimensions | 24 cm. |
| 505 ## - FORMATTED CONTENTS NOTE | |
| Formatted contents note | The Rise of Adolf Hitler (Page-3), Triumph and Consolidation (Page-117), The Road to War (Page-279). |
| 651 #0 - SUBJECT ADDED ENTRY--GEOGRAPHIC NAME | |
| Geographic name | Germany |
| General subdivision | History |
| Chronological subdivision | 1933-1945. |
| 9 (RLIN) | 105257 |
| 942 ## - ADDED ENTRY ELEMENTS (KOHA) | |
| Source of classification or shelving scheme | |
| Koha item type | Book |
| Call number prefix | 320.53,SHI |
| Withdrawn status | Lost status | Source of classification or shelving scheme | Damaged status | Not for loan | Permanent Location | Current Location | Shelving location | Date acquired | Full call number | Barcode | Date last seen | Price effective from | Koha item type | Public note |
|---|---|---|---|---|---|---|---|---|---|---|---|---|---|---|
| Military College of Signals (MCS) | Military College of Signals (MCS) | General Stacks | 12/12/2016 | 320.53,SHI | MCS29357 | 12/08/2016 | 12/12/2016 | Book | Almirah No.49, Shelf No.4 |
